[Event "Stay Safe Play From Home 265"]
[Site "Emanuel Lasker Arena"]
[Date "2020.06.30"]
[Round "6"]
[White "Jhhonnyy"]
[Black "Klasman"]
[Result "1-0"]
[WhiteElo "2321"]
[BlackElo "1292"]
[Annotator "TA"]
[PlyCount "21"]
[EventDate "2020.06.30"]
[EventType "swiss (blitz)"]

{[%evp 9,21,-54,47,38,114,73,132,-16,-18,-56,33,42,1254,1254]} 1. d4 f5 2. c4 Nf6 3. Nc3 e6 4. e4 fxe4 5. f3 c6 ({Black should try} 5... d5 $15) 6. fxe4 $14 {e5 is the strong threat. A85: Dutch Defence: 2 c4 Nf6 3 Nc3.} d5 {[#]} (6... d6 $14) 7. cxd5 $146 ({Predecessor:} 7. e5 Nfd7 8. Nf3 Be7 9. Bd3 O-O 10. Qc2 h6 11. Be3 dxc4 12. Bh7+ Kh8 13. h4 Rxf3 14. gxf3 Bxh4+ 15. Ke2 Bg5 16. Rag1 Bxe3 17. Kxe3 Qe7 18. Rxh6 Nf8 {1-0 (18) Schroeter,H (1884)-Ibarra Chami,L (2091) Dos Hermanas 2004}) 7... Bb4 {[#]} ({Black should play} 7... cxd5 8. e5 Ne4) 8. e5 (8. dxe6 $1 $16 {Black must now prevent a3.} Bxe6 9. Qd3) 8... Nxd5 $11 9. Bd2 O-O (9... Qh4+ $15 10. g3 Qxd4 {[%mdl 64] Double Attack}) 10. Nf3 $14 Qh4+ $2 {[%mdl 8192]} (10... Be7 $14) 11. Nxh4 1-0

[Event "Stay Safe Play From Home 265"]
[Site "Emanuel Lasker Arena"]
[Date "2020.06.30"]
[Round "6"]
[White "SoulofWolf"]
[Black "Lamborghini"]
[Result "0-1"]
[WhiteElo "2172"]
[BlackElo "2334"]
[Annotator "TA"]
[PlyCount "100"]
[EventDate "2020.06.30"]
[EventType "swiss (blitz)"]

{[%evp 9,99,-7,4,-4,6,-15,-8,-65,5,-57,-59,-69,-18,-44,-45,-49,-35,-55,3,-56,-38,-247,-155,-172,-118,-118,-62,-137,-133,-209,-215,-214,-114,-154,-81,-80,0,-7,0,0,11,-35,6,0,0,0,97,0,0,0,0,0,0,0,62,70,66,16,54,-143,0,-7,0,0,0,-162,-162,-234,-207,-212,-210,-161,7,-29988,-29989,-29991,-29992,-29994,-29995,-29995,-29996,-29996,-29994,-29994,-29995,-29995,-29994,-29996,-29996,-29998,-29999,-29999]} 1. Nf3 g6 2. e4 Bg7 3. Bc4 e6 {[#]} 4. a4 $146 ({Predecessor:} 4. O-O Ne7 5. d4 d5 6. exd5 exd5 7. Bd3 O-O 8. c3 Nbc6 9. Re1 Be6 10. h3 Qd7 11. Bf4 Rfe8 12. Nbd2 Bf5 13. Qc2 Bxd3 14. Qxd3 Nf5 15. Kf1 f6 16. Rxe8+ Rxe8 17. Re1 Rxe1+ 18. Nxe1 Nd8 {½-½ (18) Kostic,V (2334)-Paunovic,T (2340) Kragujevac 2018}) 4... Ne7 5. Nc3 O-O 6. d4 {B06: Modern Defence.} d5 7. exd5 exd5 8. Bb3 (8. Be2 $11) 8... c6 (8... Bg4 $15) 9. Bg5 (9. h3 $11) 9... h6 $15 10. Bh4 Be6 ({Better is} 10... Bg4 $15) 11. O-O Nd7 12. Re1 Re8 13. Qd2 Qb6 (13... Bg4 $15) 14. Bg3 (14. a5 $11 Qc7 15. Bg3) 14... Nf5 {[%cal Rf5d4]} 15. Ne5 $2 (15. a5 $15 Qb4 16. Ra4) 15... Nxe5 16. dxe5 Rad8 (16... a5 $19 17. Qd3 Rad8) 17. a5 $17 Qb4 (17... Qc7 $17 18. f4 Nxg3 19. hxg3 f6 20. exf6 Bxf6) 18. Ra4 (18. Ne4 $1 $15 Qxd2 19. Nxd2) 18... Qc5 19. Kh1 (19. Na2 $17 {is a better defense.}) 19... Nxg3+ $19 20. hxg3 a6 (20... d4 $19 21. Ne4 Qxe5 22. Bxe6 Rxe6) 21. f4 h5 (21... f6 $142 {aiming for ...fxe5.} 22. exf6 Bxf6) 22. Ne2 {[%cal Bc3e2,Be2d4,Bd4f3,Bf3g5][%mdl 32]} Bf8 (22... f6 $17 23. Nc1 Qf8 24. exf6 Bxf6) 23. Nd4 $11 Qe7 24. c3 Qc7 25. Kh2 Bc5 26. Nf3 Bf5 27. Bc2 Qc8 (27... Bg4 $11 {remains equal.}) 28. Qc1 ({White should try} 28. Nh4 $1 $16) 28... Bg4 29. Ng5 Bf5 30. Qb1 Bxc2 31. Qxc2 Qf5 (31... Be7 $11) 32. Qxf5 $14 gxf5 33. b4 f6 34. Ne6 $2 {[#]} (34. bxc5 $14 {stays ahead.} fxg5 35. Rb4 (35. fxg5 Kg7 $11)) 34... Rxe6 (34... Bf2 $1 $17 {[%cal Rf2e1]} 35. Nxd8 Bxe1 36. Nxb7 fxe5 37. fxe5 Bxc3) 35. bxc5 $11 fxe5 $17 {[%mdl 4096] Endgame KRR-KRR} 36. Rb4 Rd7 {...e4 is the strong threat.} 37. Reb1 $2 {[#]} (37. fxe5 $11 {and White is okay.} Kf7 38. Rf4) 37... e4 $1 $19 38. Rxb7 (38. Kg1 $142) 38... Rxb7 39. Rxb7 {KR-KR} e3 {And now ...e2 would win.} 40. Rb1 d4 $2 (40... e2 $19 41. Re1 Re3) 41. Re1 $2 {[%mdl 8192]} (41. cxd4 $11 e2 42. Re1) 41... d3 {Black mates.} 42. Kg1 d2 43. Ra1 e2 44. Rb1 e1=Q+ {[%mdl 64] Double Attack} 45. Kh2 {[#]} Qf2 $1 46. Rb8+ Kf7 47. Kh3 Kf6 48. Rb7 Re2 49. Rb8 Qxg2+ 50. Kh4 Qh2# {Accuracy: White = 46%, Black = 50%.} 0-1

[Event "Stay Safe Play From Home 265"]
[Site "Emanuel Lasker Arena"]
[Date "2020.06.30"]
[Round "6"]
[White "Lazieri3"]
[Black "Toosieslide"]
[Result "1-0"]
[WhiteElo "2068"]
[BlackElo "2307"]
[Annotator "TA"]
[PlyCount "73"]
[EventDate "2020.06.30"]
[EventType "swiss (blitz)"]

{[%evp 23,72,16,31,-2,83,-49,-50,-47,0,0,-7,-13,-11,-21,-26,-17,0,-4,0,0,74,25,26,8,60,34,32,21,33,25,79,87,169,89,138,80,29975,29968,6279,5323,4990,3313,29991,2363,29997,29998,29998,29999,29999,29999,29999]} 1. e4 e5 2. Nc3 Nf6 3. Nf3 Nc6 4. d4 exd4 5. Nxd4 Bb4 6. Nxc6 bxc6 7. Bd3 d5 8. exd5 cxd5 9. O-O O-O 10. Bg5 c6 11. Qf3 Be7 {11...h6 is the modern continuation. Played by Fabiano Caruana in June 2020.} 12. h3 Rb8 13. Nd1 {C47: Scotch Four Knights and Four Knights with 4 g3.} h6 {[#]} (13... Nd7 $11 14. Bxe7 Qxe7) 14. Bh4 $146 (14. Bxh6 $1 $16 {[%mdl 512]} Bd6 (14... gxh6 15. Qg3+) 15. Bg5) ({Predecessor:} 14. Bf4 Bd6 15. b3 Re8 16. Ne3 Ne4 17. Bxd6 Qxd6 18. Bxe4 Rxe4 19. Rfd1 Qe5 20. c3 Qxc3 {½-½ (87) Wadsack,W (2137)-Buchegger,F (1759) Kirchberg 2019}) 14... Rb4 $15 15. Bg3 {Black is slightly better.} Bd6 (15... Ne4 $5 {[%cal Re4d2]} 16. Bxe4 Rxe4 $17) 16. Bxd6 Qxd6 17. c3 Rb8 18. b4 Be6 19. a3 Nd7 20. Ne3 Ne5 21. Qe2 d4 (21... Nxd3 $11 22. Qxd3 Qf4) 22. cxd4 Qxd4 23. Rfd1 $40 {[%mdl 128] Hoping for Bh7+! White mounts an attack.} Qb6 ({Black should play} 23... Nxd3 $11 24. Qxd3 Qxd3 25. Rxd3 Rb5) 24. Nc4 Bxc4 25. Bxc4 Rfe8 26. Qc2 Rbd8 (26... Nxc4 $11 {remains equal.} 27. Qxc4 Re6) 27. Bb3 $16 Qb5 {[#]} (27... g5 $16 {was worth a try.}) 28. Qf5 ({White should try} 28. Rxd8 $1 $18 Rxd8 29. Re1) 28... g6 29. Qf6 (29. Qe4 $142) 29... a5 $2 {[%mdl 8192] This costs Black the game.} (29... Qb6 $16) 30. Rxd8 Rxd8 31. Qxd8+ {[%mdl 64] Double Attack} Kg7 32. Qd4 f6 33. f4 (33. Qa7+ $142 Kf8 34. Rd1 Qd5 35. Bxd5 cxd5 36. Rxd5 Ke8 37. Qc7 Nf7 38. Rxa5 Kf8 39. Ra7 Kg8 40. Qxf7+ {[%mdl 64] Double Attack} Kh8 41. Qh7#) 33... Nd3 34. Qd7+ {White mates.} Kh8 35. Qe8+ {[%mdl 64] Double Attack} Kg7 36. Qf7+ Kh8 37. Qg8# {Accuracy: White = 55%, Black = 29%.} 1-0

[Event "Stay Safe Play From Home 265"]
[Site "Emanuel Lasker Arena"]
[Date "2020.06.30"]
[Round "6"]
[White "EL sanbary"]
[Black "BrainThinker22"]
[Result "0-1"]
[WhiteElo "1935"]
[BlackElo "2238"]
[Annotator "NA"]
[PlyCount "132"]
[EventDate "2020.06.30"]
[EventType "swiss (blitz)"]

1. c4 {[%emt 0:00:01]} e5 {[%emt 0:00:01]} 2. g3 {[%emt 0:00:00]} Nc6 {[%emt 0:00:00]} 3. Bg2 {[%emt 0:00:01]} g6 {[%emt 0:00:00]} 4. Nc3 {[%emt 0:00:01]} d6 {[%emt 0:00:00]} 5. e4 {[%emt 0:00:00]} Bg7 {[%emt 0:00:00]} 6. Nge2 {[%emt 0:00:00]} Be6 {[%emt 0:00:00]} 7. O-O {[%emt 0:00:00]} Qd7 {[%emt 0:00:00]} 8. d3 {[%emt 0:00:00]} Bh3 {[%emt 0:00:01]} 9. Be3 {[%emt 0:00:00]} h5 {[%emt 0:00:01]} 10. f4 {[%emt 0:00:01]} h4 {[%emt 0:00:01]} 11. Rf2 {[%emt 0:00:00]} hxg3 {[%emt 0:00:01]} 12. Nxg3 {[%emt 0:00:00]} Bxg2 {[%emt 0:00:02]} 13. Rxg2 {[%emt 0:00:00]} Nf6 {[%emt 0:00:01]} 14. Qd2 {[%emt 0:00:02]} Ng4 {[%emt 0:00:06]} 15. f5 {[%emt 0:00:01]} Nxe3 {[%emt 0:00:05]} 16. Qxe3 {[%emt 0:00:00]} Bh6 {[%emt 0:00:00]} 17. Qf3 {[%emt 0:00:01]} Nd4 {[%emt 0:00:01]} 18. Qf2 {[%emt 0:00:02]} O-O-O {[%emt 0:00:03]} 19. Kh1 {[%emt 0:00:02]} gxf5 {[%emt 0:00:01]} 20. Nxf5 {[%emt 0:00:02]} Nxf5 {[%emt 0:00:01]} 21. Qxf5 {[%emt 0:00:01]} Bf4 {[%emt 0:00:01]} 22. Qxd7+ {[%emt 0:00:02]} Kxd7 {[%emt 0:00:00]} 23. Rag1 {[%emt 0:00:02]} Rh7 {[%emt 0:00:01]} 24. Ne2 {[%emt 0:00:02]} Be3 {[%emt 0:00:02]} 25. Rf1 {[%emt 0:00:01]} Rdh8 {[%emt 0:00:01]} 26. b3 {[%emt 0:00:02]} Ke7 {[%emt 0:00:01]} 27. Ng3 {[%emt 0:00:02]} Bf4 {[%emt 0:00:01]} 28. Nf5+ {[%emt 0:00:04]} Kd7 {[%emt 0:00:01]} 29. Rff2 {[%emt 0:00:01]} Rh5 {[%emt 0:00:04]} 30. Kg1 {[%emt 0:00:02]} Rh3 {[%emt 0:00:01]} 31. Rg7 {[%emt 0:00:03]} Rxh2 {[%emt 0:00:03]} 32. Rxh2 {[%emt 0:00:02]} Rxh2 {[%emt 0:00:00]} 33. Rxf7+ {[%emt 0:00:01]} Kc6 {[%emt 0:00:00]} 34. Ne7+ {[%emt 0:00:01]} Kd7 {[%emt 0:00:01]} 35. Nd5+ {[%emt 0:00:00]} Ke8 {[%emt 0:00:03]} 36. b4 {[%emt 0:00:00]} Kxf7 {[%emt 0:00:01]} 37. Nxf4 {[%emt 0:00:03]} Rxa2 {[%emt 0:00:01]} 38. Nd5 {[%emt 0:00:00]} c6 {[%emt 0:00:01]} 39. Nc7 {[%emt 0:00:00]} Rb2 {[%emt 0:00:01]} 40. b5 {[%emt 0:00:00]} cxb5 {[%emt 0:00:01]} 41. Nxb5 {[%emt 0:00:00]} Rxb5 {[%emt 0:00:02]} 42. cxb5 {[%emt 0:00:01]} a6 {[%emt 0:00:00]} 43. Kf2 {[%emt 0:00:00]} axb5 {[%emt 0:00:02]} 44. Ke3 {[%emt 0:00:00]} Ke6 {[%emt 0:00:00]} 45. Kd2 {[%emt 0:00:01]} d5 {[%emt 0:00:01]} 46. d4 {[%emt 0:00:00]} exd4 {[%emt 0:00:01]} 47. exd5+ {[%emt 0:00:00]} Kxd5 {[%emt 0:00:01]} 48. Kd3 {[%emt 0:00:00]} Kc5 {[%emt 0:00:00]} 49. Kc2 {[%emt 0:00:00]} b6 {[%emt 0:00:00]} 50. Kb2 {[%emt 0:00:00]} Kd5 {[%emt 0:00:00]} 51. Kc2 {[%emt 0:00:00]} Kc4 {[%emt 0:00:00]} 52. Kb2 {[%emt 0:00:02]} b4 {[%emt 0:00:00]} 53. Kc1 {[%emt 0:00:00]} b5 {[%emt 0:00:00]} 54. Kd1 {[%emt 0:00:01]} Kd3 {[%emt 0:00:00]} 55. Kc1 {[%emt 0:00:00]} Kc3 {[%emt 0:00:00]} 56. Kd1 {[%emt 0:00:00]} d3 {[%emt 0:00:00]} 57. Kc1 {[%emt 0:00:00]} b3 {[%emt 0:00:00]} 58. Kb1 {[%emt 0:00:02]} b4 {[%emt 0:00:00]} 59. Kc1 {[%emt 0:00:01]} d2+ {[%emt 0:00:01]} 60. Kd1 {[%emt 0:00:01]} b2 {[%emt 0:00:00]} 61. Ke2 {[%emt 0:00:01]} d1=Q+ {[%emt 0:00:00]} 62. Ke3 {[%emt 0:00:00]} b1=Q {[%emt 0:00:00]} 63. Kf4 {[%emt 0:00:00]} Qbd3 {[%emt 0:00:00]} 64. Ke5 {[%emt 0:00:01]} Q3e2+ {[%emt 0:00:00]} 65. Kf4 {[%emt 0:00:01]} Qdf1+ {[%emt 0:00:00]} 66. Kg3 {[%emt 0:00:00]} Qeg2+ {[%emt 0:00:00] Time (Lag: Av=0.40s, max=0.6s)} 0-1

[Event "Stay Safe Play From Home 265"]
[Site "Emanuel Lasker Arena"]
[Date "2020.06.30"]
[Round "6"]
[White "Buzaglo"]
[Black "The Next Contender"]
[Result "0-1"]
[WhiteElo "1813"]
[BlackElo "1899"]
[Annotator "NA RC"]
[PlyCount "42"]
[EventDate "2020.06.30"]
[EventType "swiss (blitz)"]

1. d4 {[%emt 0:00:01]} d5 {[%emt 0:00:00]} 2. Nf3 {[%emt 0:00:00]} c5 {[%emt 0:00:00]} 3. g3 {[%emt 0:00:00]} e6 {[%emt 0:00:00]} 4. Bg2 {[%emt 0:00:00]} Nf6 {[%emt 0:00:00]} 5. c4 {[%emt 0:00:01]} cxd4 {[%emt 0:00:01]} 6. Nxd4 {[%emt 0:00:01]} dxc4 {[%emt 0:00:01]} 7. Qa4+ {[%emt 0:00:02]} Bd7 {[%emt 0:00:02]} 8. Qxc4 {[%emt 0:00:01]} Qb6 {[%emt 0:00:06]} 9. O-O {[%emt 0:00:05]} Be7 {[%emt 0:00:01]} 10. Be3 {[%emt 0:00:01]} Bc5 {[%emt 0:00:02]} 11. Nb3 {[%emt 0:00:01]} Bxe3 {[%emt 0:00:01]} 12. fxe3 {[%emt 0:00:02]} Qxe3+ {[%emt 0:00:01]} 13. Kh1 {[%emt 0:00:00]} Qb6 {[%emt 0:00:01]} 14. Nc3 {[%emt 0:00:02]} O-O {[%emt 0:00:02]} 15. Nd4 {[%emt 0:00:03]} Nc6 {[%emt 0:00:01]} 16. Nxc6 {[%emt 0:00:01]} Bxc6 {[%emt 0:00:00]} 17. Rf2 {[%emt 0:00:02]} Qxf2 {[%emt 0:00:02]} 18. Rg1 {[%emt 0:00:03]} Ng4 {[%emt 0:00:03]} 19. h3 {[%emt 0:00:02]} Bxg2+ {[%emt 0:00:02]} 20. Rxg2 {[%emt 0:00:01]} Qf1+ {[%emt 0:00:00]} 21. Rg1 {[%emt 0:00:01]} Qxh3# {[%emt 0:00:00] (Lag: Av=0.60s, max=1.1s)} 0-1

[Event "Stay Safe Play From Home 265"]
[Site "Emanuel Lasker Arena"]
[Date "2020.06.30"]
[Round "7"]
[White "Lamborghini"]
[Black "Toosieslide"]
[Result "0-1"]
[WhiteElo "2344"]
[BlackElo "2280"]
[Annotator "TA"]
[PlyCount "68"]
[EventDate "2020.06.30"]
[EventType "swiss (blitz)"]

{[%evp 11,67,-2,0,0,0,0,14,8,5,-31,-46,-23,0,-17,0,-9,0,-15,0,-15,-28,-16,-20,-42,0,-37,0,0,0,4,7,20,21,7,18,-11,0,0,0,0,0,-114,-108,-193,-173,-177,-175,-283,-276,-346,-324,-5190,-3337,-2328,-2069,-29995,-29996,-29999]} 1. e4 e5 2. Nf3 Nc6 3. d4 exd4 4. Nxd4 Bc5 5. Nb3 Bb6 6. Nc3 Nf6 7. Bd3 {C45: Scotch Game.} O-O 8. O-O h6 9. Bf4 {The position is equal.} d6 10. Nd5 {[#]} Nxd5 $146 ({Predecessor:} 10... Be6 11. Nxf6+ Qxf6 12. Re1 Qxf4 13. Rc1 Bxf2+ 14. Kh1 Bxe1 15. Qxe1 Bxb3 16. axb3 Ne5 {0-1 (26) Bauer,M (1100)-Pribyl,R (1713) Brno 2012}) 11. exd5 Ne7 12. c4 Bf5 13. a4 a5 14. Qc2 Bxd3 15. Qxd3 Ng6 16. Be3 Bxe3 17. Qxe3 Qf6 18. Nd4 b6 19. Qd2 Ne5 {[%cal Bg6e5,Be5d7,Bd7c5,Bc5b3][%mdl 32]} 20. b3 Rae8 21. Rae1 Nd7 22. Nc6 Nc5 23. Qc2 Kh8 24. g3 Qg6 25. Qxg6 fxg6 26. Kg2 (26. Nd4 $11 {remains equal.}) 26... Nxb3 $17 27. Ne7 (27. Na7 $17) 27... Kh7 $19 28. Nc6 Nc5 29. Ra1 (29. Nd4 {was called for.}) 29... Re4 30. Rfc1 {[#]} Re2 $1 31. Rc3 $2 (31. Rf1) 31... Rfxf2+ 32. Kg1 Ne4 {( -> ...Rg2+)} 33. Rf3 Rg2+ 34. Kf1 Nd2# {Accuracy: White = 52%, Black = 92%.} 0-1

[Event "Stay Safe Play From Home 265"]
[Site "Emanuel Lasker Arena"]
[Date "2020.06.30"]
[Round "7"]
[White "BrainThinker22"]
[Black "Lazieri3"]
[Result "1-0"]
[WhiteElo "2243"]
[BlackElo "2095"]
[Annotator "NA"]
[PlyCount "75"]
[EventDate "2020.06.30"]
[EventType "swiss (blitz)"]

1. e4 {[%emt 0:00:00]} c6 {[%emt 0:00:00]} 2. Nc3 {[%emt 0:00:00]} d5 {[%emt 0:00:01]} 3. e5 {[%emt 0:00:00]} Bf5 {[%emt 0:00:01]} 4. d3 {[%emt 0:00:01]} e6 {[%emt 0:00:01]} 5. g3 {[%emt 0:00:00]} h6 {[%emt 0:00:01]} 6. Bg2 {[%emt 0:00:00]} Nd7 {[%emt 0:00:01]} 7. f4 {[%emt 0:00:01]} Bb4 {[%emt 0:00:02]} 8. Bd2 {[%emt 0:00:01]} Ne7 {[%emt 0:00:01]} 9. Nge2 {[%emt 0:00:01]} O-O {[%emt 0:00:01]} 10. O-O {[%emt 0:00:01]} a6 {[%emt 0:00:02]} 11. h3 {[%emt 0:00:01]} Bh7 {[%emt 0:00:02]} 12. g4 {[%emt 0:00:01]} Rc8 {[%emt 0:00:02]} 13. Ng3 {[%emt 0:00:01]} Ba5 {[%emt 0:00:04]} 14. Nce2 {[%emt 0:00:02]} Qb6+ {[%emt 0:00:01]} 15. Kh2 {[%emt 0:00:01]} Bxd2 {[%emt 0:00:02]} 16. Qxd2 {[%emt 0:00:00]} Qxb2 {[%emt 0:00:01]} 17. Rfb1 {[%emt 0:00:01]} Qa3 {[%emt 0:00:01]} 18. Rxb7 {[%emt 0:00:01]} Rfd8 {[%emt 0:00:01]} 19. Qc3 {[%emt 0:00:08]} Qxc3 {[%emt 0:00:09]} 20. Nxc3 {[%emt 0:00:00]} Rb8 {[%emt 0:00:01]} 21. Rab1 {[%emt 0:00:01]} Kf8 {[%emt 0:00:03]} 22. Rxd7 {[%emt 0:00:03]} Rdc8 {[%emt 0:00:06]} 23. Rbb7 {[%emt 0:00:03]} Rxb7 {[%emt 0:00:01]} 24. Rxb7 {[%emt 0:00:00]} c5 {[%emt 0:00:01]} 25. Na4 {[%emt 0:00:02]} Nc6 {[%emt 0:00:01]} 26. Nxc5 {[%emt 0:00:01]} Nd4 {[%emt 0:00:01]} 27. Nd7+ {[%emt 0:00:02]} Ke8 {[%emt 0:00:00]} 28. c4 {[%emt 0:00:00]} dxc4 {[%emt 0:00:03]} 29. dxc4 {[%emt 0:00:00]} Rxc4 {[%emt 0:00:01]} 30. Nb6 {[%emt 0:00:01]} Rc2 {[%emt 0:00:01]} 31. Kg1 {[%emt 0:00:04]} Bd3 {[%emt 0:00:02]} 32. Rb8+ {[%emt 0:00:02]} Ke7 {[%emt 0:00:01]} 33. Nd5+ {[%emt 0:00:00]} exd5 {[%emt 0:00:01]} 34. Nf5+ {[%emt 0:00:00]} Nxf5 {[%emt 0:00:01]} 35. gxf5 {[%emt 0:00:00]} Be4 {[%emt 0:00:02]} 36. Bxe4 {[%emt 0:00:01]} dxe4 {[%emt 0:00:00]} 37. Rb7+ {[%emt 0:00:00]} Ke8 {[%emt 0:00:00]} 38. Rb8+ {[%emt 0:00:00] Time (Lag: Av=0.82s, max=2.4s)} 1-0

[Event "Stay Safe Play From Home 265"]
[Site "Emanuel Lasker Arena"]
[Date "2020.06.30"]
[Round "7"]
[White "SoulofWolf"]
[Black "Mepe_Nika"]
[Result "1-0"]
[WhiteElo "2162"]
[BlackElo "2376"]
[Annotator "TA"]
[PlyCount "145"]
[EventDate "2020.06.30"]
[EventType "swiss (blitz)"]

{[%evp 12,144,29,-37,387,387,415,411,445,439,454,444,471,442,435,380,390,385,442,385,433,406,442,427,447,397,487,476,488,462,541,541,580,578,564,555,545,522,800,531,712,566,816,583,579,608,568,516,591,537,547,0,593,548,573,0,729,714,760,538,513,490,619,0,530,487,485,462,437,425,491,429,552,545,536,518,716,716,708,705,683,678,2605,2428,6041,6034,29992,29986,29986,1482,5691,1106,969,561,5700,5143,29986,29987,29990,29991,29994,29986,29993,0,29994,29995,29995,29990,29989,29987,29993,29994,29996,29997,29997,29996,29997,29997,29997,29997,29998,29998,29998,29997,29997,29997,29997,29997,29997,29996,29996,29997,29997,29998,29999]} 1. d4 d5 2. Nf3 Nf6 3. c4 c6 4. Nc3 e6 5. Bg5 Nbd7 6. e3 Qa5 7. Qd2 (7. Nd2 $11) 7... Ne4 $2 {[%mdl 8192] D52: Queen's Gambit Declined: Cambridge Springs Variation.} (7... Bb4 $1 $15 {stays ahead.} 8. Bxf6 Nxf6) 8. Nxe4 $18 Qxd2+ 9. Nexd2 {[#]} h6 $146 {White is winning.} ({Predecessor:} 9... dxc4 10. Bxc4 b5 11. Bd3 c5 12. Bxb5 f6 13. Bf4 cxd4 14. exd4 a6 15. Ba4 Bb7 {1-0 (31) Cohnen,M (1779)-Hingst,D (894) Troisdorf 2005}) 10. Bh4 g5 11. Bg3 Bg7 12. h4 g4 13. Nh2 h5 14. Bd3 f5 15. f3 Nf6 16. Kf2 Bd7 17. a4 {[%cal Ba2a4,Ba4a5][%mdl 32]} O-O 18. a5 b5 19. cxb5 cxb5 20. Rhc1 Rfc8 21. Nb3 Be8 22. Nc5 Kf7 23. Nf1 Bf8 24. b4 Bd7 25. Nd2 Ke7 26. Ndb3 Ne8 27. Rc2 Nd6 28. Rac1 Nc4 29. a6 Rc6 30. Na5 Rb6 31. Nab3 $2 ({Better is} 31. Bc7 $18) 31... Ke8 $2 {[%mdl 8192]} (31... Rc6 $1 $11 {and Black is okay.} 32. Bf4 Be8) 32. Bc7 Rc6 33. Bg3 $2 ({White should try} 33. Bf4 $18) 33... Bxc5 $4 {[%mdl 8192]} (33... Ke7 $11 34. Bf4 Be8) 34. Nxc5 Bc8 35. Nb3 Rxa6 36. Nc5 Rc6 37. Nb3 $2 (37. e4 $18) 37... a6 $2 {[%mdl 8192]} (37... Ra6 $1 $11 {and Black stays safe.} 38. e4 Ra3) 38. Nc5 a5 39. bxa5 ({Don't play} 39. Bxc4 bxc4 40. bxa5 Rxa5 $18) 39... Rxa5 40. Rc3 b4 41. R3c2 Ra3 {intending ...Rxc5.} 42. Bxc4 dxc4 43. Rxc4 Ba6 44. Rxb4 Ra2+ 45. Kg1 gxf3 46. gxf3 Be2 47. Rb8+ Ke7 48. Rb7+ Kf6 49. Be5+ Kg6 50. Rg7+ Kh6 51. Re1 Bxf3 52. Rg3 Rg2+ 53. Rxg2 {Threatening mate with Rg5.} Bxg2 54. Kxg2 Rb6 55. Kf3 Rb2 56. Kf4 Rb3 57. Kf3 Rb2 $1 58. Rg1 {White mates.} Rh2 59. Rg5 Rh3+ 60. Rg3 Kh7 61. Rxh3 Kh6 62. Rg3 Kh7 63. d5 Kh6 64. d6 f4 {[#]} 65. d7 $1 fxe3 66. Kxe3 Kh7 67. Rf3 Kh6 68. Rf6+ Kh7 69. Bd6 Kg8 {[#]} 70. Rf7 $1 {[%mdl 64] Promotion} Kxf7 71. d8=Q Kg6 72. Qe7 Kf5 73. Qxe6# {White took control after the opening. Accuracy: White = 45%, Black = 27%.} 1-0

[Event "Stay Safe Play From Home 265"]
[Site "Emanuel Lasker Arena"]
[Date "2020.06.30"]
[Round "7"]
[White "Bardellosport"]
[Black "The Next Contender"]
[Result "1-0"]
[WhiteElo "2051"]
[BlackElo "1912"]
[Annotator "TA"]
[PlyCount "87"]
[EventDate "2020.06.30"]
[EventType "swiss (blitz)"]

{[%evp 9,87,-4,25,18,37,3,1,4,37,-25,-20,-40,-42,-41,-29,-60,147,127,125,-127,-141,-134,-126,-264,-251,-243,-255,-345,-133,-367,-135,-335,122,126,531,527,496,508,487,481,504,406,1144,418,417,375,380,381,1193,1163,1151,1079,1733,549,539,523,518,528,717,710,699,663,567,510,975,677,5143,4202,5135,5035,4802,2104,11622,7770,7770,5539,29976,29978,29969,29966]} 1. f4 d5 2. Nf3 c5 3. g3 e6 4. Bg2 Nf6 5. O-O g6 6. d3 {A03: Bird's Opening with 1...d5.} Bg7 7. c3 O-O 8. Na3 {[#] The position is equal.} b6 $146 ({Predecessor:} 8... Nc6 9. Qe1 a6 10. e4 Rb8 11. e5 Nd7 12. d4 c4 13. Nc2 b5 14. Ne3 b4 {1-0 (34) Molano Lafuente,I (2214)-Cervello Tost,F (2253) Barcelona 2014}) 9. Nc2 (9. e4 $14) 9... Bb7 $11 10. Qe1 Nc6 {[%cal Bb8c6,Bc6e5,Be5d3][%mdl 32]} 11. Bd2 Nd7 12. e4 f5 $2 (12... Ba6 $1 $15 {stays ahead.} 13. Qe3 dxe4 14. Qxe4 Rc8) 13. exd5 exd5 14. Ne5 $2 {[%mdl 8192]} (14. Ng5 $16) 14... Ndxe5 $17 15. fxe5 Nxe5 16. Bf4 (16. d4 $17 cxd4 17. Nxd4) 16... Nxd3 $19 {[%mdl 64] [#] Double Attack} 17. Qd2 Nxf4 ({Don't do} 17... Nxb2 18. Ne3) 18. Rxf4 Qc7 $2 (18... Bh6 $19 19. Ne3 Bxf4 20. gxf4 Qh4 21. Nxd5 Rae8) 19. Raf1 $2 (19. Bxd5+ $17 Kh8 20. Bxb7 Qxb7 21. Rf2) 19... Rfe8 $2 (19... Bh6 $19 {...Rad8 is the strong threat.} 20. Bxd5+ Kh8) 20. Ne3 $2 (20. Bxd5+ $17 Kh8 21. Bxb7 Qxb7 22. R4f2) 20... Re7 $2 (20... Bh6 $19 21. Nxd5 Qg7) 21. Nxd5 $16 Bxd5 $4 {[%mdl 8192]} (21... Rd8 $16 {is a better chance.}) 22. Qxd5+ $18 {[%mdl 64] [#] Double Attack} Rf7 23. Qxa8+ Rf8 24. Qf3 Be5 25. Rc4 b5 (25... Rd8 $142 26. Qe3 Qd6) 26. Rh4 (26. Qd5+ $142 Kg7 27. Rxc5 {[%mdl 64] Double Attack}) 26... Bf6 27. Re1 Bxh4 28. gxh4 Qb6 $2 (28... Kg7 29. Qf2 a6) 29. Qd5+ Kh8 30. Re7 c4+ 31. Qd4+ (31. Kf1 $142 {Intending Qd7! and mate.} Qf6 32. Rxa7 Qxh4 33. Qe5+ Qf6 34. Qc7) 31... Qxd4+ 32. cxd4 {[%mdl 4096] Endgame KRB-KR} b4 33. Rc7 c3 34. bxc3 bxc3 35. Rxc3 Rd8 36. Rd3 Rd7 (36... Rd6 $142 37. Ba8 Kg7) 37. d5 Kg7 38. d6 Kf6 39. Bc6 Rd8 40. d7 Ke6 41. Re3+ Kd6 42. Ba4 Kc5 43. Re8 Rxd7 44. Bxd7 {Accuracy: White = 44%, Black = 31%.} 1-0